| 000 | 00830nam a2200145 4500 | ||
|---|---|---|---|
| 003 | Nust | ||
| 040 | _cNust | ||
| 082 | _a621.382 | ||
| 245 |
_aAdmiralty handbook of wireless telegraphy _bvol. II _cHis Majesty' Stationery Office |
||
| 260 |
_aLondon _bHis Majesty' Stationery Office _c1938 |
||
| 300 | _aVarious pages | ||
| 505 | _aSpark Transmitter (Section-A) Thermionic Valves (Section-B) Reception of Electromagnetic Waves (Section-D) Amplification-Receiver Design (Section-F) Power Supplies (Section-H) Valve Transmitters (Section-K) Radio-Telephony-Sound Reproduction (Section-N) Propagation of Electromagnetic Waves (Section-P) Aerials, Feeders, Directional Arrays (Section-R) Direction Finding (Section-T) R/F Measurment-Wavemeters and Oscillators (Section-W) | ||
| 650 |
_aWireless telegraphy _9130537 |
||
| 942 |
_2ddc _cBK |
||
| 999 |
_c194652 _d194652 |
||